MARC

LEADER 00000nam0a2200000 4500
001 262876
005 20231101233707.0
010 |a 5796600990 
035 |a (RuTPU)RU\TPU\book\285860 
090 |a 262876 
100 |a 20140604d1988 k y0rusy50 ca 
101 0 |a rus 
102 |a LV 
105 |a y z 001zy 
200 1 |a Познание и практика в структуре деятельности  |f В. Я. Вильчинский  |g Латвийский государственный университет им. Петра Стучки 
210 |a Рига  |c Зинатне  |d 1988 
215 |a 200 с. 
320 |a Библиография в примечаниях. 
606 1 |a Социальное познание  |x Философия  |2 stltpush  |3 (RuTPU)RU\TPU\subj\55678  |9 73686 
610 1 |a познание 
610 1 |a деятельность 
610 1 |a практика 
610 1 |a структура 
610 1 |a социальная философия 
610 1 |a духовность 
686 |a Ю63  |v LBC/SL-A  |2 rubbk 
700 1 |a Вильчинский  |b В. Я.  |g Вилнис Язепович 
712 0 2 |a Латвийский государственный университет им. Петра Стучки  |2 stltpush  |3 (RuTPU)RU\TPU\col\7102  |9 24292 
801 1 |a RU  |b 63413507  |c 20140604 
801 2 |a RU  |b 63413507  |c 20150130  |g RCR 
942 |c BK